000 00652nam a2200217 a 4500
005 20180803165144.0
008 140313b2003 wau||||gr|||| 00| 0 eng d
040 _aCO-BoIAVH
_cCO-BoIAVH
041 _aeng
044 _axxu
082 0 4 _a333.9516079
_bM14b
100 1 _aMcGown, Jay
245 1 _aBiodiversity mystery theatre
_bdrawn from the files of the United states patent and trademark office
260 _aWashington
_bEdmonds Institute
_c2003
300 _a38 paginas
_c21 x 15 cm.
650 4 _aBiodiversidad
650 4 _aPatentes
700 1 _aMorris, Freida
942 _cLIBRO
_2ddc
945 _d2004-08-19
999 _c4095
_d4095